000 00368nam a2200145Ia 4500
008 240624s9999 xx 000 0 und d
041 _aeng
082 _a330 ASW
100 _aASWATHAPPA K
245 _aESSENTIAL OF BUSINESS ENVIRONMENT TEXT C
250 _a(12th ed.)
260 _c2014
_aMumbai
_bHimalaya
300 _axx : cm. : p. ; 26 ; 716
365 _cRS
_b31
999 _c24756
_d24756